Využívanie digitálnych technológií v bankovom sektore

Digitálny jednotný trh. Definícia bankového systému. Využívanie digitalizácie v bankovom sektore. FinTech obchodné modely. Technológie umožňujúce vytváranie nových obchodných modelov, aplikácií, procesov a produktov - inteligentné zmluvy, biometria, umelá inteligencia a big data, technológia distrib...

Ausführliche Beschreibung

Gespeichert in:
Bibliographische Detailangaben
1. Verfasser: Paškrtová, Lucia
Format: Buchkapitel
Sprache:Slowakisch
Schlagworte:
Tags: Tag hinzufügen
Keine Tags, Fügen Sie das erste Tag hinzu!

MARC

LEADER 00000naa a2200000 4500
001 0271975
005 20210506095743.3
041 0 |a slo 
044 |a SK 
245 1 0 |a Využívanie digitálnych technológií v bankovom sektore  |c Lucia Paškrtová 
520 |a Digitálny jednotný trh. Definícia bankového systému. Využívanie digitalizácie v bankovom sektore. FinTech obchodné modely. Technológie umožňujúce vytváranie nových obchodných modelov, aplikácií, procesov a produktov - inteligentné zmluvy, biometria, umelá inteligencia a big data, technológia distribuovaných záznamo (DLT), mobilná peňaženka a cloud computing. 
610 2 0 |a banky 
610 2 0 |a technológie nové 
610 2 0 |a bankovníctvo 
610 2 0 |a digitalizácia 
610 2 0 |a trh jednotný 
610 2 0 |a modely obchodné 
100 1 |a Paškrtová, Lucia